| 000 | 00371nam a22001457a 4500 | ||
|---|---|---|---|
| 020 | _a9789693510911 | ||
| 040 | _cNUST | ||
| 082 |
_a891.4397 _bBUT |
||
| 100 |
_aButt, Dr Muhammad Yunus _980918 |
||
| 245 | _aShanakhat Parade | ||
| 260 |
_aLAHORE _bSang-E-Meel Publications _c2011 |
||
| 300 | _b131P, :With Photo | ||
| 650 | _2Urdu Literature-Staire | ||
| 942 |
_2ddc _cBK |
||
| 999 |
_c585798 _d585798 |
||